000 00539nam a2200181Ia 4500
008 100917s9999 xx 000 0 und d
082 _b43450
100 _aभागवत रामचंद्र
245 _aमाझी सुनंदा
260 _bललित नाटय प्रकाशन
_c1980
300 _a173
365 _b20
520 _aकादंबरी
630 _aमाझी सुनंदा
650 _aकादंबरी
730 _aमाझी सुनंदा
942 _cBOOK
999 _c648844
_d648841